000 00684nam a2200217 a 4500
001 BRCA_7407
005 20190320205826.0
008 230313s1935----mx-#######---#000-0#spa-#
041 _aspa
044 _amx
050 4 _aN6550
_b.E88 1935
100 1 _aEstrada, Genaro
_918275
245 1 0 _aAlgunos papeles para la historia de las Bellas Artes en México
_cGenaro Estrada.
260 _aMéxico
_bG. Estrada
_c1935
300 _a89 p.
500 _aDocumentos de la Academia de Bellas Artes de San Fernando, Madrid, relativos a la Academia de Bellas Artes de San Carlos, México
500 _aQ135
650 1 4 _aArte
_xHistoria
_zMéxico
_9898
902 _aGFM
942 _2lcc
_cB
999 _c7083
_d7083